00450nam a2200181Ia 4500003000400000005001700004008004100021020002200062040000700084041000800091082001800099100002500117245003900142260004400181300001700225365001300242650001300255OSt20230617110644.0210423s2010 xx 000 0 und d a978-0-19-280441-9 cAL aeng a700.4112 BUTM aBUTLER (Christopher) aModernism: very short introduction aNew YorkbOxford University Pressc2010 axii,117pbPB b175cINR aThe Arts